000 00218 a2200097 4500
001 8572
100 _aKashfi Dr Syed Abul Khyer
245 _aYen log bhey ghazab they
260 _a
_bFerozsons
_c
090 _c6898
_d6898
942 _aNUST-CAE
_cM
_c33486
999 _c243645
_d243645